000
00261nam a22001217a 4500
008
170201b xxu||||| |||| 00| 0 eng d
041
_a
eng
080
_a
61
100
_a
3
101
_a
SHM
245
_a
ATANDARD FIRST AID
_c
AMERICA RED CROSS
942
_2
udc
_c
BK
999
_c
4219
_d
4219